| 000 | 00838nas a2200277 4500 | ||
|---|---|---|---|
| 001 | BR0301270 | ||
| 003 | BR-BrBNA | ||
| 005 | 20231205103623.0 | ||
| 007 | ta | ||
| 008 | 230509b bl.|||p| |||| 00| 00por d | ||
| 040 |
_aBR-BrBNA _bpor _cBiblioteca Nacional de Agricultura |
||
| 041 | _a(Pt) | ||
| 072 | _aL73 | ||
| 100 | 1 | _aEpiphanio, S. | |
| 100 | 1 | _aCatão-Dias, J.L. | |
| 100 | 1 | _aGuimarães, M.A. de B.V. | |
| 245 | 1 | _aToxoplasmosis in emperor tamarin (Saguinus imperator): case report | |
| 650 | _aSAGÜI | ||
| 650 | _aTOXOPLASMOSE | ||
| 650 | _aIMUNOLOGIA | ||
| 650 | _aHISTOQUÍMICA | ||
| 650 | _aLESÃO | ||
| 773 | 0 |
_tBrazilian Journal of Veterinary Research and Animal Science (Brazil) _xISSN 1413-9596 _g(1999), v. 36(1-3) p. 72-74 _wBR0301270 |
|
| 909 |
_a202311 _bLúcia _c55 _dLúcia Elande |
||
| 942 |
_2AGRIS _n0 _cANA |
||
| 999 |
_c173856 _d173856 |
||